| 000 | 00429pab a2200169 454500 | ||
|---|---|---|---|
| 008 | 180718b2009 xxu||||| |||| 00| 0 eng d | ||
| 100 | _aHeppard, Kurt A. | ||
| 245 | _aImproving air force transportation systems by using alternative energy | ||
| 260 | _c2009 | ||
| 300 | _ap.83-87. | ||
| 362 | _aSummer | ||
| 650 | _aAir transport | ||
| 700 | _aGreen, Steve G. | ||
| 773 | _aPublic Manager | ||
| 908 | _aN | ||
| 909 | _a83640 | ||
| 999 |
_c83640 _d83640 |
||